Science - Biology | 3 | 5 | 0 | 0 | 95 | 54 | 78.38 | 0 | 0 |
Fine Arts - Music | 5 | 2 | 0 | 0 | 95 | 35 | 59.29 | 1 | 3 |
Literature - European | 4 | 3 | 0 | 0 | 90 | 37 | 69.71 | 0 | 0 |
Science - Chemistry | 2 | 5 | 0 | 0 | 80 | 36 | 75.29 | 0 | 0 |
Science - Physics | 1 | 6 | 0 | 0 | 75 | 26 | 94.71 | 0 | 1 |
Literature - World and Miscellaneous | 3 | 2 | 0 | 0 | 65 | 40 | 68.00 | 1 | 1 |
RMP - Philosophy | 2 | 3 | 0 | 0 | 60 | 49 | 72.40 | 1 | 2 |
RMP - World Mythology | 3 | 1 | 0 | 0 | 55 | 55 | 76.25 | 1 | 2 |
History - World | 3 | 1 | 0 | 0 | 55 | 39 | 60.50 | 0 | 1 |
Literature - American | 2 | 2 | 0 | 0 | 50 | 47 | 76.25 | 0 | 0 |
Fine Arts - Painting | 3 | 0 | 0 | 0 | 45 | 24 | 39.67 | 1 | 3 |
Literature - British | 1 | 3 | 0 | 0 | 45 | 61 | 86.25 | 0 | 1 |
Other - Other Academic and General Knowledge | 1 | 2 | 0 | 0 | 35 | 49 | 82.33 | 0 | 1 |
RMP - Islam | 0 | 3 | 0 | 0 | 30 | 70 | 106.00 | 0 | 1 |
Fine Arts - Photography | 2 | 0 | 0 | 0 | 30 | 55 | 62.00 | 0 | 0 |
RMP - Greco-Roman Mythology | 1 | 1 | 0 | 0 | 25 | 62 | 96.00 | 0 | 0 |
Fine Arts - Opera | 1 | 1 | 0 | 0 | 25 | 42 | 59.50 | 0 | 2 |
Science - Math | 0 | 2 | 0 | 0 | 20 | 70 | 96.50 | 0 | 0 |
Fine Arts - Miscellaneous | 0 | 2 | 0 | 0 | 20 | 75 | 82.00 | 0 | 0 |
History - American | 0 | 2 | 0 | 0 | 20 | 120 | 126.00 | 0 | 0 |
Science - Earth | 0 | 2 | 0 | 0 | 20 | 76 | 76.50 | 0 | 0 |
History - Cross, Historiography, and Miscellaneous | 1 | 0 | 0 | 0 | 15 | 35 | 35.00 | 0 | 0 |
Current Events - World | 1 | 0 | 0 | 0 | 15 | 57 | 57.00 | 0 | 0 |
Social Science - Economics | 1 | 0 | 0 | 0 | 15 | 53 | 53.00 | 1 | 1 |
RMP - East Asian Religion | 1 | 0 | 0 | 0 | 15 | 63 | 63.00 | 0 | 0 |
RMP - Hebrew Bible | 1 | 0 | 0 | 0 | 15 | 57 | 57.00 | 0 | 0 |
Social Science - Sociology | 0 | 1 | 0 | 0 | 10 | 72 | 72.00 | 0 | 0 |
Fine Arts - Ballet/Dance | 0 | 1 | 0 | 0 | 10 | 132 | 132.00 | 0 | 0 |
Fine Arts - Jazz | 0 | 1 | 0 | 0 | 10 | 89 | 89.00 | 0 | 0 |
Geography - World | 0 | 1 | 0 | 0 | 10 | 92 | 92.00 | 0 | 0 |
History - European | 0 | 1 | 0 | 0 | 10 | 105 | 105.00 | 0 | 0 |
RMP - Buddhism | 0 | 1 | 0 | 0 | 10 | 120 | 120.00 | 0 | 0 |
RMP - Hinduism | 0 | 1 | 0 | 0 | 10 | 87 | 87.00 | 0 | 0 |
RMP - Jewish Practice | 0 | 1 | 0 | 0 | 10 | 102 | 102.00 | 0 | 0 |
RMP - Other Religion | 0 | 1 | 0 | 0 | 10 | 71 | 71.00 | 0 | 0 |
Science - Computer Science | 0 | 1 | 0 | 0 | 10 | 90 | 90.00 | 0 | 0 |
Science - Engineering and Miscellaneous | 0 | 1 | 0 | 0 | 10 | 67 | 67.00 | 0 | 0 |
Social Science - Psychology | 0 | 1 | 0 | 0 | 10 | 108 | 108.00 | 0 | 0 |
Current Events - U.S. | 0 | 0 | 0 | 0 | 0 | | 0.00 | 0 | 0 |
Science - Astronomy | 0 | 0 | 0 | 0 | 0 | | 0.00 | 0 | 0 |